Vplyv vybraných faktorov na tvorbu úmrtnostných tabuliek bakalárska práca

Na minha lista:
Detalhes bibliográficos
Autor principal: Ágoštonová, Fatima
Autor Corporativo: Fakulta hospodárskej informatiky EU. Katedra matematiky a aktuárstva
Outros Autores: Šoltésová, Tatiana, 1975-
Formato: Livro
Idioma:eslovaco
Publicado em: Bratislava 2014
Tags: Adicionar Tag
Sem tags, seja o primeiro a adicionar uma tag!

MARC

LEADER 00000nbm a2200000 4500
001 0189712
005 20170201104039.6
041 0 |a slo 
044 |a SK 
245 1 0 |a Vplyv vybraných faktorov na tvorbu úmrtnostných tabuliek  |b bakalárska práca  |c Fatima Ágoštonová ; školiteľ: Tatiana Šoltésová 
264 1 |a Bratislava  |c 2014 
300 |a 40 s. 
100 1 |a Ágoštonová, Fatima 
700 1 |a Šoltésová, Tatiana, 1975- 
710 2 |a Fakulta hospodárskej informatiky EU. Katedra matematiky a aktuárstva